Error measures for generalizing about forecasting methods: empirical comparisons.
Zhodnotenie postupov pre porovnávanie chýb medzi časovými radmi. Analyzovalo sa 90 ročných a 101 kvartálnych hospodárskych časových radov. Odporúča sa geometrický priemer relatívnej absolútnej chyby (GMRAE), keď úloha zahŕňa kalibrovanie modelu pre súbor časových radov. Najpresnejšími metódami sú me...
Salvato in:
| Autore principale: | |
|---|---|
| Altri autori: | |
| Natura: | Capitolo di libro |
| Lingua: | inglese |
| Soggetti: | |
| Tags: |
Nessun Tag, puoi essere il primo ad aggiungerne!!
|
MARC
| LEADER | 00000naa a2200000 4500 | ||
|---|---|---|---|
| 001 | r009340 | ||
| 005 | 20221130113002.1 | ||
| 041 | 0 | |a eng | |
| 044 | |a NL | ||
| 245 | 1 | 0 | |a Error measures for generalizing about forecasting methods: empirical comparisons. |c J.S. Armstrong, F. Collopy |
| 520 | |a Zhodnotenie postupov pre porovnávanie chýb medzi časovými radmi. Analyzovalo sa 90 ročných a 101 kvartálnych hospodárskych časových radov. Odporúča sa geometrický priemer relatívnej absolútnej chyby (GMRAE), keď úloha zahŕňa kalibrovanie modelu pre súbor časových radov. Najpresnejšími metódami sú mediánová RAE a mediánová absolútna percentuálna chyba (MdAPE). | ||
| 610 | 2 | 0 | |a metódy prognostické |
| 610 | 2 | 0 | |a rady časové |
| 610 | 2 | 0 | |a chyby štatistické |
| 610 | 2 | 0 | |a metódy ekonomicko-matematické |
| 100 | 1 | |a Armstrong, J.S. | |
| 700 | 1 | |a Collopy, F. | |